00351nam a2200133Ia 4500008004100000020001500041041001200056082001600068100001600084245005800100260003600158300000900194650001400203221030s9999 xx 000 0 und d a9812358307 aEnglish a105.23bFin aI. L. Finar 0aOrganic Chemistry : The Fundamental Principles Vol. I bAddison WesleyaNew Delhic1998 a1032 aChemistry